Advanced Educational Psychology/ (Record no. 212931)

MARC details
000 -LEADER
fixed length control field 00723nam a22002057a 4500
005 - DATE AND TIME OF LATEST TRANSACTION
control field 20250807114309.0
010 ## - LCCN (DPL NO)
LC control number ENG-146375
020 ## - INTERNATIONAL STANDARD BOOK NUMBER
International Standard Book Number 9789391772383
Terms of availability 450.00
035 ## - SYSTEM CONTROL NUMBER
System control number EN-129907
037 ## - SOURCE OF ACQUISITION
Source of stock number/acquisition DBAD
082 ## - DEWEY DECIMAL CLASSIFICATION NUMBER
Classification number 370.15
Edition number 1
100 ## - MAIN ENTRY--PERSONAL NAME
Personal name Sarartha, M.
245 ## - TITLE STATEMENT
Title Advanced Educational Psychology/
Statement of responsibility, etc M. Sarartha [and] P.N. Lakshmi Shanmugam [and] Edited By Surender Kumar Sharma
260 ## - PUBLICATION, DISTRIBUTION, ETC. (IMPRINT)
Place of publication, distribution, etc Chennai
Name of publisher, distributor, etc Forschung Publications
Date of publication, distribution, etc 2021
270 ## - ADDRESS
Address Mogappair
City Chennai
Telephone number 9626166683
Electronic mail address forchungpublications@gmail.com
300 ## - PHYSICAL DESCRIPTION
Extent 211p.
Dimensions 22cm(pb)
700 ## - ADDED ENTRY--PERSONAL NAME
Personal name Shanmugam, P.N. Lakshmi
Relator term Author
9 (RLIN) 79408
700 ## - ADDED ENTRY--PERSONAL NAME
Personal name Sharma, Surender Kumar
Relator term Editor
9 (RLIN) 83935
942 ## - ADDED ENTRY ELEMENTS (KOHA)
Source of classification or shelving scheme Dewey Decimal Classification
Item type English Books
Classification part 370.15
Call number suffix MSA
Holdings
Withdrawn status Lost status Not for loan Collection code Home library Current library Date acquired Source of acquisition Cost, normal purchase price Full call number Barcode Copy number Cost, replacement price Koha item type
      Non-fiction Mobile Library Mobile Library 07/08/2025 Delivery of Books Act Division 450.00 370.15 MSA EN-129907 1 450.00 English Books

© Delhi Public Library
Hit Counter
free hit counter